Orientace československého zahraničního obchodu za světové hospodářské krise schůza společnosti dne 1. března 1937 v Praze
Gespeichert in:
| 1. Verfasser: | |
|---|---|
| Format: | Buch |
| Sprache: | Tschechisch |
| Veröffentlicht: |
Praha
Česká společnost národohospod.
1937
|
| Schriftenreihe: | Sbírka přednášek pořádaných Českou spol. národohospod. v období 1936-37
11 |
| Tags: |
Keine Tags, Fügen Sie das erste Tag hinzu!
|
MARC
| LEADER | 00000nam a2200000 4500 | ||
|---|---|---|---|
| 001 | c137870 | ||
| 005 | 20190110151636.8 | ||
| 041 | 0 | |a cze | |
| 044 | |a CZ | ||
| 245 | 1 | 0 | |a Orientace československého zahraničního obchodu za světové hospodářské krise |b schůza společnosti dne 1. března 1937 v Praze |c Stanislav Režný |
| 264 | 1 | |a Praha |b Česká společnost národohospod. |c 1937 | |
| 300 | |a 47 s. | ||
| 490 | 1 | |a Sbírka přednášek pořádaných Českou spol. národohospod. v období 1936-37 |v 11 | |
| 830 | 0 | |a Sbírka přednášek pořádaných Českou spol. národohospod. v období 1936-37 |v 11 | |
| 100 | 1 | |a Režný, Stanislav | |